000 01156cam a2200337 i 4500
001 1632828
003 EG-ScBUE
005 20260415094234.0
008 960104t1996 gw a f b 001 0 eng d
020 _a0387607218 (pbk.)
020 _a9783540607212
040 _aDLC
_beng
_erda
_cDLC
_dDLC
_dEG-ScBUE
082 0 4 _a551.4702
_222
_bKIB
100 1 _aKibblewhite, Alick C.,
_d1927-
_eauthor.
_97336
245 1 0 _aWave interactions as a seismo-acoustic source /
_cAlick C. Kibblewhite, Cheng Y. Wu.
264 1 _aBerlin :
_bSpringer Verlag,
_c[1996]
264 4 _cc1996
300 _axviii, 313 pages :
_billustrations ;
_c24 cm.
336 _2rdacontent
_atext
_btxt
337 _aunmediated
_2rdamedia
_bn
338 _avolume
_bnc
_2rdacarrier
490 0 _aLecture notes in earth sciences ;
_v59
504 _aIncludes bibliographical references and index.
650 7 _aOcean tomography.
_2BUEsh
_97338
650 7 _aSound-waves
_xMeasurement.
_2BUEsh
_97339
650 7 _aPlate tectonics.
_2BUEsh
_97340
650 7 _aSonar.
_2BUEsh
_97341
655 _vReading book
700 1 _aWu, Cheng Y.
_q(Cheng Yi),
_d1938-
_eauthor.
_97342
942 _2ddc
_cBB
999 _c12143
_d12143